[Event "Challenge"]
[Site "http://www.queenalice.com/game.php?id=1365205"]
[Date "2015.6.12"]
[Round "-"]
[White "ademirduplex"]
[Black "ReidoBaralho"]
[Result "1-0"]
[WhiteElo "1726"]
[BlackElo "1521"]

1. e4 e5 2. Qh5 d6 3. Bc4 g6 4. Qf3 Nf6 5. Nc3 Bg4 6. Qd3 c6 7. h3 Bd7 8. Nf3 b5
9. Bb3 a5 10. Ng5 Be6 11. Bxe6 fxe6 12. Nxe6 Qe7 13. Ng5 Nbd7 14. a4 Nc5 15. Qe3
b4 16. Ne2 Bh6 17. d3 Nh5 18. h4 Nf6 19. d4 Ng4 20. Qh3 Nxf2 21. Kxf2 exd4 22.
Nxd4 Rf8+ 23. Ndf3 Nxe4+ 24. Nxe4 Bxc1 25. Raxc1 d5 26. Ng5 Qc5+ 27. Kg3 Qd6+
28. Kf2 h6 29. Rhe1+ 1-0

[Event "Challenge"]
[Site "http://www.queenalice.com/game.php?id=1366948"]
[Date "2015.6.22"]
[Round "-"]
[White "ademirduplex"]
[Black "Sirius"]
[Result "1-0"]
[WhiteElo "1712"]
[BlackElo "1562"]

1. e4 e5 2. Qh5 d6 3. Bb5+ c6 4. Bc4 g6 5. Qf3 Nf6 6. d3 Bg4 7. Qg3 h5 8. Bg5
Be7 9. Bxf6 Bxf6 10. Nc3 b5 11. Bb3 a5 12. a4 Bh4 13. Qe3 b4 14. Nce2 c5 15. h3
Be6 16. Bxe6 fxe6 17. Nf3 Bf6 18. b3 Nc6 19. c3 bxc3 20. Nxc3 Nb4 21. O-O-O Kf7
22. h4 Qb6 23. Kb2 d5 24. Nb5 d4 25. Qc1 Rab8 26. Rd2 Kg7 27. Rhd1 Rhf8 28. Qb1
Kh6 29. Rc1 g5 30. hxg5+ Bxg5 31. Nxg5 Kxg5 32. Rc4 h4 33. Qc1 Rf7 34. Rxc5 Rbf8
35. Rxe5+ Kg6 36. Qd1 Rxf2 37. Qg4+ Kf6 38. Rxf2+ Kxe5 39. Qg7+ Rf6 40. Qxf6#
1-0

[Event "Challenge"]
[Site "http://www.queenalice.com/game.php?id=1367779"]
[Date "2015.6.26"]
[Round "-"]
[White "ademirduplex"]
[Black "naugard47"]
[Result "1-0"]
[WhiteElo "1676"]
[BlackElo "1645"]

1. e4 e5 2. Qh5 Nf6 3. Qxe5+ Be7 4. Bc4 Nc6 5. Qg5 g6 6. d3 d6 7. Bb5 Bd7 8.
Bxc6 Bxc6 9. Qg3 d5 10. Bg5 dxe4 11. Bxf6 Bxf6 12. Nc3 Bxc3+ 13. bxc3 exd3 14.
Qe5+ Qe7 15. Qxe7+ Kxe7 16. f3 Rhd8 17. O-O-O Bb5 18. cxd3 Ba4 19. Re1+ Kf8 20.
Re3 Re8 21. Rxe8+ Rxe8 22. Nh3 Re2 23. g4 Rxa2 24. Kb1 Rd2 25. Nf4 g5 26. Nd5 c6
27. Nf6 h6 28. Re1 c5 29. Re5 Rxd3 30. Rxc5 Rxf3 31. Rc8+ Kg7 32. Nh5+ Kh7 33.
Rc7 Bc6 34. Kb2 Rf2+ 35. Ka3 Rxh2 36. Rxf7+ Kg6 37. Rg7# 1-0

[Event "Challenge"]
[Site "http://www.queenalice.com/game.php?id=1368047"]
[Date "2015.6.28"]
[Round "-"]
[White "ademirduplex"]
[Black "carpio1969"]
[Result "0-1"]
[WhiteElo "1765"]
[BlackElo "1630"]

1. e4 d6 2. Qh5 Nf6 3. Qb5+ Bd7 4. Qxb7 Nc6 5. Nc3 e5 6. Nb5 Na5 7. Nxc7+ Ke7 8.
Qxa8 Qxc7 9. c3 Bc6 10. Qxf8+ Rxf8 11. f3 Rb8 12. d3 h6 13. b4 Bb5 14. Bd2 Nb7
15. a4 Bd7 16. g3 d5 17. Bg2 d4 18. cxd4 exd4 19. Ne2 Qc2 20. Bf4 Rc8 21. Kf2
Qxd3 22. Rhd1 Qc4 23. Rxd4 Qe6 24. h4 Qa6 25. Be5 Rc2 26. Bxf6+ gxf6 27. Bf1 Bb5
28. Rad1 Bxe2 29. Re1 Bxf1+ 30. Ke3 Re2+ 31. Rxe2 Qxe2+ 32. Kf4 Bg2 33. e5 Qxf3#
0-1

[Event "Challenge"]
[Site "http://www.queenalice.com/game.php?id=1368062"]
[Date "2015.6.28"]
[Round "-"]
[White "ademirduplex"]
[Black "lrschenk"]
[Result "1-0"]
[WhiteElo "1571"]
[BlackElo "1792"]

1. e4 e5 2. Qh5 g6 3. Qxe5+ Qe7 4. Qxh8 Qxe4+ 5. Ne2 Ne7 6. Na3 h5 7. Qc3 Na6 8.
d3 Qe6 9. Bg5 Nd5 10. Qh8 Nab4 11. Bh6 Qe7 12. Bxf8 Qe6 13. Bxb4# 1-0

[Event "Challenge"]
[Site "http://www.queenalice.com/game.php?id=1369109"]
[Date "2015.7.2"]
[Round "-"]
[White "naugard47"]
[Black "ademirduplex"]
[Result "0-1"]
[WhiteElo "1641"]
[BlackElo "1737"]

1. e4 e5 2. d4 Qh4 3. Nc3 Bb4 4. Qe2 exd4 5. Nf3 Bxc3+ 6. bxc3 Qf6 7. cxd4 c5 8.
Bb2 Qb6 9. c3 Nf6 10. h3 O-O 11. Qc2 Nxe4 12. Qxe4 Qxb2 13. Rd1 Qxc3+ 14. Rd2 d6
15. Bd3 g6 16. O-O Nc6 17. Rc2 Qa5 18. dxc5 Bf5 19. Qc4 Bxd3 20. Qxd3 Nb4 21.
Qc3 Rac8 22. Nd2 Rxc5 23. Nc4 Nxc2 24. Qxa5 Rxa5 25. Nxa5 b5 26. Nc6 a6 27. Rd1
Re8 28. Kf1 d5 29. Nd4 Nxd4 30. Rxd4 Rd8 31. g4 Rc8 32. Rxd5 Rc1+ 33. Kg2 Ra1
34. Rd2 b4 35. Rb2 a5 36. g5 Kf8 37. h4 h5 38. gxh6 Kg8 39. f4 Kh7 40. Kf3 Kxh6
41. Rd2 Kh5 42. Rh2 f6 43. Kg3 f5 44. Rf2 a4 45. Rb2 a3 46. Rc2 Kh6 47. Rh2 Kg7
48. Re2 Kh6 49. Rf2 Rg1+ 50. Rg2 Rxg2+ 51. Kxg2 b3 0-1

[Event "Challenge"]
[Site "http://www.queenalice.com/game.php?id=1369928"]
[Date "2015.7.5"]
[Round "-"]
[White "ademirduplex"]
[Black "carpio1969"]
[Result "0-1"]
[WhiteElo "1729"]
[BlackElo "1651"]

1. e4 d6 2. Qh5 Nf6 3. Qb5+ Nc6 4. f3 e5 5. Qa4 Be7 6. Bb5 Bd7 7. d3 O-O 8. Bg5
h6 9. Bxf6 Bxf6 10. Bxc6 Bxc6 11. Qb3 a5 12. a4 Bg5 13. h4 Be3 14. Nh3 Qxh4+ 15.
Ke2 Bg5 16. Nc3 Qg3 17. Rag1 Ra6 18. Nd5 Bd8 19. c3 b6 20. Qc4 Bb7 21. Nxc7 Ra7
22. Nb5 Ba6 23. Qc6 Rb7 24. Nxd6 Rc7 25. Qxb6 Rxc3 26. Qxa6 Rc2+ 27. Ke3 Rxb2
28. Nc4 Bg5+ 29. Nxg5 Qxg5+ 30. f4 Qg3# 0-1

[Event "Challenge"]
[Site "http://www.queenalice.com/game.php?id=1370193"]
[Date "2015.7.6"]
[Round "-"]
[White "ademirduplex"]
[Black "carpio1969"]
[Result "1-0"]
[WhiteElo "1669"]
[BlackElo "1656"]

1. e4 e5 2. Qh5 Qf6 3. Bc4 g6 4. Qe2 Bc5 5. Nf3 d6 6. h3 c6 7. b3 b5 8. Bd3 Ne7
9. Ba3 Nd7 10. Bxc5 Nxc5 11. b4 Na4 12. c4 a6 13. O-O Be6 14. cxb5 O-O 15. bxa6
Rfb8 16. a3 c5 17. Nc3 Nxc3 18. dxc3 c4 19. Bxc4 Bxc4 20. Qxc4 Rc8 21. Qd3 g5
22. Rfd1 h6 23. Qxd6 Rxa6 24. Qxf6 Rxf6 25. Nxe5 Rxc3 26. Ng4 Rb6 27. e5 Kg7 28.
Rd7 Re6 29. a4 h5 30. Nf6 Rxe5 31. Nxh5+ Kh8 32. a5 Re2 33. b5 Kg8 34. a6 Nc8
35. a7 Nb6 36. Rd8+ Kh7 37. Rb8 Rcc2 38. Rxb6 Rxf2 39. a8=Q Rxg2+ 40. Qxg2 Rxg2+
41. Kxg2 1-0

[Event "Challenge"]
[Site "http://www.queenalice.com/game.php?id=1371113"]
[Date "2015.7.12"]
[Round "-"]
[White "ReidoBaralho"]
[Black "ademirduplex"]
[Result "1/2-1/2"]
[WhiteElo "1576"]
[BlackElo "1721"]

1. e4 e5 2. Qh5 Qf6 3. Nh3 g6 4. Qg4 Nh6 5. Qe2 b6 6. Qc4 Nc6 7. d3 Ng4 8. Bg5
Qd6 9. Be2 Nh6 10. a3 Nd4 11. Bd1 f5 12. c3 Ne6 13. Bf6 Bg7 14. Bxg7 Nxg7 15.
Ng5 Ne6 16. exf5 Nxg5 17. fxg6 hxg6 18. Nd2 Bb7 19. f3 Nf5 20. Qg4 Rh5 21. Qc4
O-O-O 22. Nb3 Ne3 23. Qa4 Nxg2+ 24. Kd2 Nf4 25. Nc1 Rdh8 26. Qxa7 Rh3 27. Qa4
Nxf3+ 28. Kc2 Rxh2+ 29. Rxh2 Rxh2+ 30. Kb3 Nd2+ 31. Ka2 Qd5+ 32. c4 Qd4 33. Bg4
c6 34. Qb4 Kc7 35. a4 Qc5 36. Qc3 Qa5 37. Bd1 Qxc3 38. bxc3 Nxc4+ 39. Kb3 Na5+
40. Ka3 Nd5 41. Nb3 Rh3 42. c4 Nf4 43. Nxa5 Rxd3+ 44. Nb3 Ba6 45. c5 bxc5 46.
Bc2 Rc3 47. Kb2 Rh3 48. Nxc5 Bc4 49. a5 Rh8 50. Kc3 d5 51. Rb1 Ne2+ 52. Kd2 Ra8
53. Rb7+ Kd6 54. Nd7 Rxa5 55. Bxg6 Ra2+ 56. Bc2 Nd4 57. Nb8 Rxc2+ 58. Ke3 Nf5+
59. Kf3 Be2+ 60. Kf2 Ba6+ 61. Kf3 Bxb7 62. Kg4 Rf2 63. Kg5 d4 64. Kf6 d3 1/2-1/2

[Event "Challenge"]
[Site "http://www.queenalice.com/game.php?id=1373941"]
[Date "2015.7.28"]
[Round "-"]
[White "ademirduplex"]
[Black "Tonto"]
[Result "0-1"]
[WhiteElo "1765"]
[BlackElo "1853"]

1. e4 e5 2. Qh5 Nf6 3. Qxe5+ Be7 4. d3 h6 5. Nc3 a6 6. Be2 d6 7. Qg3 g6 8. e5
dxe5 9. Qxe5 Nc6 10. Qf4 g5 11. Qe3 Nd4 12. Qd2 Nd5 13. Nf3 Nf4 14. O-O Bf6 15.
Qe3+ Be6 16. Qd2 Qd7 17. Bd1 Nxg2 18. Ne4 O-O-O 19. Nxf6 Qc6 20. Kxg2 Nxf3 21.
Bxf3 Bh3+ 22. Kg3 Qxf6 23. Re1 g4 24. Bxg4+ Bxg4 25. f4 Rhg8 26. Kf2 Qh4+ 27.
Kf1 Bh3+ 28. Ke2 Qg4+ 29. Ke3 Rge8+ 30. Kf2 Qg2# 0-1

[Event "Challenge"]
[Site "http://www.queenalice.com/game.php?id=1378163"]
[Date "2015.8.17"]
[Round "-"]
[White "ledeon"]
[Black "ademirduplex"]
[Result "1-0"]
[WhiteElo "1906"]
[BlackElo "1739"]

1. d4 e6 2. c4 d5 3. Nc3 dxc4 4. e4 Bb4 5. Bxc4 Bd7 6. Nf3 Nf6 7. Be3 Bxc3+ 8.
bxc3 Nxe4 9. Qb3 b6 10. O-O O-O 11. Ne5 c5 12. dxc5 bxc5 13. f3 Qc7 14. Nxd7
Nxd7 15. fxe4 Ne5 16. Bf4 Rab8 17. Qc2 Rb7 18. a4 a5 19. Qf2 Rbb8 20. Qg3 f6 21.
Bxe6+ Kh8 22. Rfd1 Qc6 23. Bxe5 fxe5 24. Rd7 Rg8 25. Qxe5 Rbe8 26. Rd6 Qc7 27.
Rad1 Rgf8 28. R1d5 Rb8 29. h3 h6 30. Rxc5 Qa7 31. Rd7 Rb1+ 32. Kh2 Qb8 33. Rcc7
Rf6 34. Rxg7 Rxe6 35. Rh7+ Kg8 36. Qg7# 1-0

[Event "AUTO-OPEN-3536"]
[Site "http://www.queenalice.com/game.php?id=1381171"]
[Date "2015.9.3"]
[Round "1"]
[White "MarTraM"]
[Black "ademirduplex"]
[Result "1-0"]
[WhiteElo "2407"]
[BlackElo "1734"]

1. d4 e6 2. Nf3 Be7 3. e4 d5 4. e5 c6 5. Bd3 Qa5+ 6. Bd2 Qb6 7. b3 a5 8. O-O h5
9. c4 h4 10. h3 Qa6 11. Qe2 dxc4 12. Bxc4 b5 13. Bd3 Bb7 14. a4 Qb6 15. axb5
cxb5 16. Bxb5+ Bc6 17. Bxc6+ Nxc6 18. Qd3 Bb4 19. Bxb4 Nxb4 20. Qe4 1-0

[Event "AUTO-OPEN-3536"]
[Site "http://www.queenalice.com/game.php?id=1381172"]
[Date "2015.9.3"]
[Round "1"]
[White "ademirduplex"]
[Black "MarTraM"]
[Result "0-1"]
[WhiteElo "1734"]
[BlackElo "2406"]

1. e4 e5 2. Qh5 Nf6 3. Qxe5+ Be7 4. Nc3 d6 5. Qg3 O-O 6. d3 Nc6 7. Nge2 h6 8.
Nd5 Nxd5 9. exd5 Ne5 10. Bxh6 Bf6 11. h4 Ng6 12. Bg5 Bxg5 13. hxg5 f6 14. Nf4
Nxf4 0-1

[Event "AUTO-ADV-3494"]
[Site "http://www.queenalice.com/game.php?id=1382697"]
[Date "2015.9.12"]
[Round "1"]
[White "MariusLola"]
[Black "ademirduplex"]
[Result "1-0"]
[WhiteElo "1814"]
[BlackElo "1769"]

1. d4 e6 2. c4 d5 3. Nc3 c6 4. e3 Bb4 5. Ne2 dxc4 6. g3 b5 7. Bg2 Nf6 8. O-O
Bxc3 9. bxc3 Bb7 10. Ba3 a5 11. Bc5 Na6 12. Ba3 b4 13. cxb4 axb4 14. Bc1 O-O 15.
Qa4 Nd5 16. Rb1 Nb6 17. Qc2 c3 18. a3 Qd6 19. axb4 Nxb4 20. Qxc3 N6d5 21. Bxd5
Nxd5 22. Qc5 Qc7 23. Nf4 Ra5 24. Qc4 Ba6 25. Nxd5 exd5 26. Qc3 Bxf1 27. Kxf1 Qa7
28. Qxc6 Qa6+ 29. Qxa6 Rxa6 30. Kg2 g6 31. Rb5 Rd8 32. Kf3 1-0

[Event "AUTO-ADV-3494"]
[Site "http://www.queenalice.com/game.php?id=1382698"]
[Date "2015.9.12"]
[Round "1"]
[White "ademirduplex"]
[Black "MariusLola"]
[Result "0-1"]
[WhiteElo "1750"]
[BlackElo "1828"]

1. e4 e5 2. Qh5 Nc6 3. Bc4 g6 4. Qf3 Qe7 5. Bb3 Nd4 6. Qg3 Nxb3 7. axb3 Bg7 8.
Nc3 c6 9. d3 Nf6 10. Be3 O-O 11. Nf3 d6 12. Bg5 b5 13. b4 Qe6 14. Bxf6 Qxf6 15.
h4 Be6 16. Ra6 Bd7 17. h5 Qe6 18. Ng5 Qf6 19. h6 Bh8 20. b3 Qf4 21. O-O Qxg3 22.
fxg3 f6 23. Nf3 f5 24. Ng5 Bf6 25. Nh3 fxe4 26. Nxe4 Be7 27. Rfa1 d5 28. Nc5
Bxc5+ 29. bxc5 Rf6 30. Rxa7 Rxa7 31. Rxa7 Rf7 0-1

[Event "AUTO-ADV-3494"]
[Site "http://www.queenalice.com/game.php?id=1382713"]
[Date "2015.9.12"]
[Round "1"]
[White "ademirduplex"]
[Black "Guigafmoraes"]
[Result "0-1"]
[WhiteElo "1734"]
[BlackElo "2213"]

1. e4 c6 2. d3 e6 3. Bd2 d5 4. e5 Nd7 5. d4 Ne7 6. Bg5 h6 7. Bxe7 Bxe7 8. Qg4
O-O 9. c3 f5 10. Qh3 c5 11. Bb5 cxd4 12. Ne2 dxc3 13. Qxc3 Qb6 14. a4 Bc5 15.
O-O d4 16. Qg3 a6 17. Bxd7 Bxd7 18. b3 Bc6 19. Nd2 Rad8 20. Nf4 Bd5 21. Nh5 Rf7
22. Nf6+ Kh8 23. Qg6 Rxf6 24. exf6 gxf6 25. Qxh6+ Kg8 26. Qg6+ Kf8 27. Qxf6+ Ke8
28. h4 Qc7 29. Qg6+ Qf7 30. Qxf7+ Kxf7 31. Rac1 b6 32. a5 Bb4 33. Rc7+ Kf6 34.
Nf3 Bxf3 35. gxf3 Bxa5 36. Rfc1 d3 37. Rc8 Rxc8 38. Rxc8 d2 39. Rd8 Kg6 40. Kh2
e5 41. Rd6+ Kh5 42. Kg3 Bc3 43. Rd7 Bd4 44. Rf7 d1=Q 45. Rxf5+ Kg6 46. Rg5+ Kf6
47. Kg4 Bxf2 48. Rf5+ Ke6 49. Rg5 Qd4+ 50. Kh5 Qxh4+ 51. Kg6 Be3 0-1

[Event "AUTO-ADV-3494"]
[Site "http://www.queenalice.com/game.php?id=1382714"]
[Date "2015.9.12"]
[Round "1"]
[White "Guigafmoraes"]
[Black "ademirduplex"]
[Result "1-0"]
[WhiteElo "2214"]
[BlackElo "1734"]

1. e4 e5 2. f4 Qh4+ 3. g3 Qf6 4. d3 Bc5 5. Nf3 exf4 6. Bxf4 d6 7. Nc3 Bb4 8. Bd2
Bg4 9. Be2 Ne7 10. h3 Bxf3 11. Bxf3 c6 12. O-O Bc5+ 13. Kg2 Nd7 14. Bg4 Qd4 15.
Qf3 Ne5 16. Qe2 Nxg4 17. Qxg4 h5 18. Qf3 f6 19. Nd1 Ng6 20. Bc3 Qa4 21. b3 Qa6
22. d4 Bb6 23. e5 O-O-O 24. Qf5+ Kb8 25. Qxg6 dxe5 26. Qd3 Qa3 27. Bb2 Qa5 28.
Bc3 Qd5+ 29. Qf3 e4 30. Qf5 Qd6 31. Qxe4 Rde8 32. Qf4 Bc7 33. Qxd6 Bxd6 34. Rf2
h4 35. g4 Bg3 36. Rd2 Re4 37. Nf2 Re3 38. Bb2 Bf4 39. Rd3 Rg3+ 40. Rxg3 hxg3 41.
Nd3 Bd6 42. Re1 Kc7 43. c4 b6 44. c5 bxc5 45. dxc5 Bf8 46. Re8 Kd7 47. Ra8 a5
48. Nf4 g5 49. Ng6 Rg8 50. Nxf8+ 1-0

[Event "AUTO-ADV-3494"]
[Site "http://www.queenalice.com/game.php?id=1382715"]
[Date "2015.9.12"]
[Round "1"]
[White "ademirduplex"]
[Black "renato"]
[Result "0-1"]
[WhiteElo "1726"]
[BlackElo "1943"]

1. e4 c5 2. Qh5 e6 3. Nf3 Nf6 4. Qh4 Be7 5. Qf4 d6 6. Bb5+ Bd7 7. a4 a6 8. Bxd7+
Qxd7 9. e5 dxe5 10. Nxe5 Qd6 11. O-O Nc6 12. Re1 Nxe5 13. Qxe5 O-O 14. d3 Qd4
15. Qxd4 cxd4 16. c3 dxc3 17. Nxc3 Bb4 18. Re3 Bc5 19. Rg3 Nh5 20. Rg5 Bxf2+ 21.
Kxf2 g6 22. Ra3 f5 23. Rb3 Rf7 24. Rb6 Re7 25. g4 fxg4 26. Rxg4 Rf8+ 27. Ke3 Nf6
28. Rgb4 Rff7 29. Rf4 g5 30. Rc4 Nd5+ 31. Nxd5 exd5+ 32. Kd4 dxc4 33. dxc4 g4
34. Bg5 Rd7+ 0-1

[Event "AUTO-ADV-3494"]
[Site "http://www.queenalice.com/game.php?id=1382716"]
[Date "2015.9.12"]
[Round "1"]
[White "renato"]
[Black "ademirduplex"]
[Result "1-0"]
[WhiteElo "1935"]
[BlackElo "1734"]

1. e4 e5 2. Nf3 Qf6 3. b3 Bc5 4. Bb2 Bd4 5. c3 Bb6 6. a4 Nh6 7. h3 d6 8. b4 a5
9. b5 g5 10. g4 Qf4 11. d3 Be6 12. Bc1 Bb3 13. Bxf4 Bxd1 14. Bxg5 Bxf3 15. Rg1
Ng8 16. Nd2 Bxg4 17. Rxg4 Nd7 18. Nb3 f6 19. Be3 Bxe3 20. fxe3 h5 21. Rg3 Ne7
22. d4 f5 23. Bg2 O-O-O 24. h4 Rdg8 25. Rxg8+ Rxg8 26. Ra2 b6 27. Rf2 fxe4 28.
Bxe4 Rg4 29. Bc6 Rxh4 30. Bxd7+ Kxd7 31. dxe5 1-0